Akceptačný list

Akceptačný list v kontexte predzmluvných vzťahov. Podstata predzmluvných vzťahov podľa Zákonníka práce. Výberové konanie. Akceptačný list v podnikateľskej sfére. Prísľub zamestnania v zákone o službách zamestnanosti. Ilustračné príklady.

Enregistré dans:
Détails bibliographiques
Auteur principal: Mintál, Ján
Format: Chapitre de livre
Langue:slovaque
Sujets:
Tags: Ajouter un tag
Pas de tags, Soyez le premier à ajouter un tag!

MARC

LEADER 00000naa a2200000 4500
001 0240191
005 20180213093955.8
041 0 |a slo 
044 |a SK 
245 1 0 |a Akceptačný list  |c Ján Mintál 
520 |a Akceptačný list v kontexte predzmluvných vzťahov. Podstata predzmluvných vzťahov podľa Zákonníka práce. Výberové konanie. Akceptačný list v podnikateľskej sfére. Prísľub zamestnania v zákone o službách zamestnanosti. Ilustračné príklady. 
610 2 0 |a zamestnanci 
610 2 0 |a zamestnávatelia 
610 2 0 |a zákonník práce 
610 2 0 |a pomer pracovný 
610 2 0 |a zmluvy pracovné 
100 1 |a Mintál, Ján